00923nam a2200229Ia 4500003000900000008004100009020001800050040001600068080002100084111007500105245023800180260004200418300001600460490002600476500002600502650004100528650001300569650001800582700002800600700002700628710003800655IN-BaIIA211028s9999 xx 000 0 eng d a90-277-1385-5 cIIA Library a082.2:52bIAU-97 aInternational Astronomical Union Symposiumn97thcU S Ad1981 Aug. 3-7 0aExtragalactic radio sourcesbproceedings of the International Astronomical Union Symposium No.97 held at Albuquerque U S A August 3-7, 1981cedited by David S. Heeschen and Campbell M. Wade  aDordrechtbD. Reidel Publishingc1992 axvii, 490p. aIAU Symposium; no. 97 aDonated by Mrs. Bappu aAstronomy and Astrophysics Thesaurus aGalaxies aRadio Sources aHeeschen, David S., ed. aWade, Campbell M., ed. aInternational Astronomical Union